Integrovanie editora diagramov s databázovým prostriedkom = Integration of the diagram editor with the database tool : Dipl.práca

Gespeichert in:
Bibliographische Detailangaben
1. Verfasser: Štepánek, Branislav (Verfasst von)
Weitere Verfasser: Galbavý, Miroslav (Betreuung Doktorarbeit)
Format: Manuskript Buch
Sprache:Slowakisch
Veröffentlicht: Bratislava : STU v Bratislave FEI, 1999
Schlagworte:
Tags: Tag hinzufügen
Keine Tags, Fügen Sie das erste Tag hinzu!

MARC

LEADER 00000ntm a22000003a 4500
001 stu52673
005 20160719164910.6
008 000317s1999----xo------------------slo-d
040 |a STU  |b slo 
041 0 |a slo 
044 |a xo 
100 1 |a Štepánek, Branislav  |4 aut 
245 1 |a Integrovanie editora diagramov s databázovým prostriedkom = Integration of the diagram editor with the database tool :  |b Dipl.práca 
260 |a Bratislava :  |b STU v Bratislave FEI,  |c 1999 
300 |a 91 s 
650 7 |a informatika  |2 stusub 
700 1 |a Galbavý, Miroslav  |4 ths  |u E220  |U FEI Fakulta elektrotechniky a informatiky  |T FEI Katedra informatiky a výpočtovej techniky  |U E220  |Y 69 
996 |b EDIPL-6044  |c I*DIPL-6044  |l II680  |s A  |a 24  |w stu52673_0001